LIBRARY & INFORMATION CENTRE, KCAET, TAVANUR

ONLINE PUBLIC ACCESS CATALOGUE (OPAC)

Rural India in transition / (Record no. 2235)

MARC details
000 -LEADER
fixed length control field 00429cam a2200181ua 4500
041 ## - LANGUAGE CODE
Language code of text/sound track or separate title eng
082 ## - DEWEY DECIMAL CLASSIFICATION NUMBER
Classification number 307.72
Item number DES/RU
100 ## - MAIN ENTRY--AUTHOR NAME
Personal name Desai, A.R .
245 ## - TITLE STATEMENT
Title Rural India in transition /
250 ## - EDITION STATEMENT
Edition statement 2 /
260 ## - PUBLICATION, DISTRIBUTION, ETC. (IMPRINT)
Place of publication Mumbai :
Name of publisher Popular Prakashan ,
Year of publication 1979.
300 ## - PHYSICAL DESCRIPTION
Number of Pages 179 ; .
942 ## - ADDED ENTRY ELEMENTS (KOHA)
Koha item type Books
Holdings
Withdrawn status Lost status Damaged status Home library Current library Date acquired Full call number Accession Number Koha item type
Withdrawn     KAUAET Sanskrit University 02/09/1986 307.72 15606 Books
free website counter